1202 1301 1551 1063 1676 1987 1943 1035 1172 1206 1462 1424 1128 1876 1701 1751 1708 1488 1672 1643 1815 1582 1139 1420 1138 1778 1169 1397 1940 1878 1087 1542 1680 1054 1581 1700 1326 1153 1899 1776 1199 1638 1756 1667 1307 1334 1173 1191 1907 1205 1942 1885 1186 1733 1611 1121 1062 1178 1794 1513 1390 1497 1724 1416 1934 1118 1525 1143 1039 1797 1385 1461 1678 1265 1485 1574 1625 1437 1760 1979 1474 1569 1098 1711 1590 1789 1425 1422 1890 1575 1466 1249 1219 1439 1540 1672 1514 1012 1955 BCNSPRNW ULIB Ver.6.0+V

เปลี่ยนเป็นภาษาไทย

Change to English
 แสดงรายละเอียดบรรณานุกรม
  กลับหน้าหลัก

Brief Record : Get Marc (ISO 2709) : E-mail record : QR code < ปิดหน้าต่าง
LEADER : 00000nam 2200000uu 4500
001    13399111598
003     ULIB
008    110627s||||||||th 000 0 tha d
020    9789742361566
090    นว.^bฉ519ว 2551
100 0  เฉียวอัน
245 00 วิวาห์พาฝัน/^cเฉียวอัน
250    พิมพ์ครั้งที่ 1
260    กรุงเทพฯ :^bแจ่มใส,^c2551
300    196 หน้า
945    ^p149^l0^i024491
995    ทศพร
999 ^a ใช้งานได้ทุกระบบ
รายการนี้ยังไม่มีแท็ก
คุณยังไม่ได้ล็อกอิน คุณสามารถมีกิจกรรมร่วมกับเว็บไซต์ได้ แต่ต้องล็อกอินก่อน ::
  ล็อกอิน

รายการสื่อสารสนเทศ

ลำดับที่ ประเภท เลขเรียก/บาร์โค้ด สถานที่ สถานะ
- ไม่พบข้อมูล -

รายการใกล้เคียง
    ผู้แต่ง [เฉียวอัน]

BibComment


ยังไม่เคยถูกคอมเมนท์

คอมเมนท์ทรัพยากรรายการนี้
  คอมเมนท์: วิวาห์พาฝัน เฉียว..


 Copyright 2026. Bcnsprnw @Library